ბათუმის შოთა რუსთაველის სახელმწიფო უნივერსიტეტის ბიბლიოთეკა

Bushido: (ბიბ.ჩანაწერი № 63974)

000 -LEADER
fixed length control field 00607nam a22001817a 4500
005 - DATE AND TIME OF LATEST TRANSACTION
control field 20260302131809.0
008 - FIXED-LENGTH DATA ELEMENTS--GENERAL INFORMATION
fixed length control field 260302s2012 enk||||| |||| 00| 0 eng d
020 ## - INTERNATIONAL STANDARD BOOK NUMBER
International Standard Book Number 9781568364407x
041 ## - LANGUAGE CODE
Language code of text/sound track or separate title eng
080 ## - UNIVERSAL DECIMAL CLASSIFICATION NUMBER
Universal Decimal Classification number 355.133.4:395(520) N-71
100 ## - MAIN ENTRY--PERSONAL NAME
Personal name Nitobe, Inazo
9 (RLIN) 27025
245 ## - TITLE STATEMENT
Title Bushido:
Remainder of title The Soul of Japan
Statement of responsibility, etc. Inazo Nitobe.
264 ## - PRODUCTION, PUBLICATION, DISTRIBUTION, MANUFACTURE, AND COPYRIGHT NOTICE
Place of production, publication, distribution, manufacture New York :
Name of producer, publisher, distributor, manufacturer Kodansha America,
Date of production, publication, distribution, manufacture, or copyright notice 2012.
300 ## - PHYSICAL DESCRIPTION
Extent 154 p.;
Other physical details 20 cm.
653 ## - INDEX TERM--UNCONTROLLED
keyword კლასიკური ესე სამურაის ეთიკის შესახებ
653 ## - INDEX TERM--UNCONTROLLED
keyword იაპონია
942 ## - ADDED ENTRY ELEMENTS (KOHA)
Source of classification or shelving scheme
Koha item type წიგნი
ეგზემპლარები
Withdrawn status Lost status Source of classification or shelving scheme Damaged status Not for loan Permanent Location Current Location Shelving location Date acquired Cost, normal purchase price Full call number Barcode Date last seen Copy number Uniform Resource Identifier Price effective from Koha item type Public note
          ბათუმის შოთა რუსთაველის სახელმწიფო უნივერსიტეტის მთავარი ბიბლიოთეკა ბათუმის შოთა რუსთაველის სახელმწიფო უნივერსიტეტის მთავარი ბიბლიოთეკა წიგნსაცავი 2026-03-02 12.00 355.133.4:395(520) N-71 73861 2026-03-02 73861 იაპონიის ელჩის საჩუქარი 2026-03-02 წიგნი 12 ლ.